Textbook of bryophyta (Record no. 158802)

MARC details
000 -LEADER
fixed length control field 00347nam a2200145Ia 4500
008 - FIXED-LENGTH DATA ELEMENTS--GENERAL INFORMATION
fixed length control field 230917s9999||||xx |||||||||||||| ||und||
040 ## - CATALOGING SOURCE
-- 188206
Original cataloging agency VIVEKANANDA LIBRARY
041 ## - Language
-- English
082 ## - DDC NUMBER
Classification number 588 M294T
100 ## - MAIN ENTRY--PERSONAL NAME
Personal name Malhotra, Manas
245 #0 - TITLE STATEMENT
Title Textbook of bryophyta
260 ## - PUBLICATION, DISTRIBUTION, ETC. (IMPRINT)
Place of publication, distribution, etc New Delhi
Name of publisher, distributor, etc Wisdom Press
Date of publication, distribution, etc 2012
300 ## - PHYSICAL DESCRIPTION
Pages 265 p.
942 ## - ADDED ENTRY ELEMENTS (KOHA)
Koha item type Books
Holdings
Withdrawn status Lost status Damaged status Not for loan Location (home branch) Sublocation or collection (holding branch) Date acquired Koha issues (times borrowed) Koha full call number Accession No. Koha date last seen Koha item type
        VIVEKANANDA LIBRARY VIVEKANANDA LIBRARY 19/09/2011 3 588 M294T 291548 10/12/2024 Books
        VIVEKANANDA LIBRARY VIVEKANANDA LIBRARY 19/09/2011 3 588 M294T 297862 03/10/2025 Books
        VIVEKANANDA LIBRARY VIVEKANANDA LIBRARY 19/09/2011 5 588 M294T 298865 23/10/2024 Books
        VIVEKANANDA LIBRARY VIVEKANANDA LIBRARY 19/09/2011 3 588 M294T 319999 01/10/2025 Books
© Designed and Maintained by Vivekananda Library, MDU Rohtak